| 000 | 00604nam a2200205Ia 4500 | ||
|---|---|---|---|
| 003 | GCL | ||
| 008 | 140319s9999 xx 000 0 ara d | ||
| 040 |
_aGCL / _cGCL |
||
| 082 | 0 | 4 |
_a370.1934 _bح ف |
| 100 | 1 | _aجان جبران كرم | |
| 245 | 1 | 0 |
_aالتلفزيون والاطفال / _cجان جبران كرم |
| 260 |
_a[S.N] : _bدار الجيل ، _c1988 |
||
| 300 | _a158 ص | ||
| 490 | _a | ||
| 650 | 0 | 4 | _aالاطفال |
| 650 | 0 | 4 | _aعلم النفس التربوى |
| 650 | 0 | 4 | _aالتليفزيون والاطفال |
| 650 | 0 | 4 | _aالاطفال كممثلين |
| 942 |
_2ddc _cBK |
||
| 999 |
_c27964 _d27964 |
||